[Event "Internet Section 15 B"]
[Site "Dos Hermanas"]
[Date "2003.03.15"]
[Round "?"]
[White "Dart"]
[Black "MASLAKKOSTIA"]
[Result "1-0"]
[WhiteElo "2513"]
[BlackElo "2672"]
[PlyCount "137"]
[EventDate "2003.03.15"]
[EventType "swiss (blitz)"]
[EventRounds "9"]
[EventCountry "ESP"]
[Source "Fruth,M"]
[SourceDate "2003.05.15"]

1. e4 d5 2. exd5 Nf6 3. Nc3 Nxd5 4. Bc4 Nb6 5. Be2 Nc6 6. Nf3 Bf5 7. a3 e6 8.
d4 Be7 9. O-O O-O 10. Be3 Bf6 11. h3 Qd7 12. Qd2 Rfd8 13. Rfd1 Qe8 14. b4 Rd7
15. Bb5 Rdd8 16. Qe2 a6 17. Bd3 Bxd3 18. Qxd3 Bxd4 19. Bxd4 Nxd4 20. Nxd4 e5
21. Qe4 exd4 22. Qxe8+ Rxe8 23. Rxd4 Rad8 24. Rad1 Rxd4 25. Rxd4 f6 26. Kf1 Re6
27. Ne4 Na4 28. c4 Kf7 29. c5 Ke7 30. f3 h6 31. g4 g6 32. Rd3 Re5 33. Kf2 f5
34. Nd2 Nb2 35. Rb3 Nd1+ 36. Kg3 g5 37. gxf5 Ne3 38. f6+ Kxf6 39. Ne4+ Kf5 40.
Rxe3 h5 41. Rd3 h4+ 42. Kf2 b6 43. cxb6 cxb6 44. Rd6 Re7 45. Rxb6 Rc7 46. Nc5
a5 47. Rb7 Rc6 48. Rb5 axb4 49. axb4 Rc8 50. Ne4+ Kf4 51. Rc5 Ra8 52. Rc2 Ra3
53. Nd2 Rd3 54. Rb2 g4 55. hxg4 h3 56. b5 h2 57. Kg2 Ke3 58. b6 Rd8 59. Kxh2
Kf2 60. Nc4+ Kxf3 61. b7 Rh8+ 62. Kg1 Rb8 63. g5 Kg4 64. g6 Kg3 65. g7 Rd8 66.
Rg2+ Kh3 67. g8=Q Rd1+ 68. Kf2 Rd8 69. Qg3# 1-0

[Event "Internet Section 16 B"]
[Site "Dos Hermanas"]
[Date "2003.03.16"]
[Round "?"]
[White "lestri"]
[Black "MASLAKKOSTIA"]
[Result "1-0"]
[WhiteElo "2794"]
[BlackElo "2724"]
[PlyCount "111"]
[EventDate "2003.03.16"]
[EventType "swiss (blitz)"]
[EventRounds "9"]
[EventCountry "ESP"]
[Source "Fruth,M"]
[SourceDate "2003.05.15"]

1. e4 d5 2. exd5 Nf6 3. d4 Nxd5 4. c4 Nb6 5. c5 Nd5 6. Bc4 g6 7. Nc3 c6 8. Nf3
Bg7 9. h3 O-O 10. O-O Nxc3 11. bxc3 b5 12. Bb3 Qc7 13. Re1 a5 14. a4 b4 15.
cxb4 axb4 16. Bg5 e6 17. Qd2 Na6 18. Bc4 e5 19. Nxe5 Nxc5 20. Nxf7 Be6 21. Rxe6
Nxe6 22. Bxe6 Rxf7 23. Qxb4 Re8 24. Bxf7+ Qxf7 25. a5 Qd5 26. Be3 c5 27. Qb5
Rd8 28. a6 Bxd4 29. Bxd4 Qxd4 30. Qa4 Qxa4 31. Rxa4 Ra8 32. Kf1 Kf7 33. Ke2 Ke6
34. Kd3 Kd5 35. a7 h5 36. h4 Kc6 37. Kc4 Kb6 38. Ra1 Kc6 39. f3 Kb6 40. g4 hxg4
41. fxg4 Kb7 42. h5 gxh5 43. gxh5 Kb6 44. h6 Kc6 45. h7 Kb6 46. h8=Q Rxh8 47.
a8=Q Rh4+ 48. Kd5 Rh5+ 49. Ke6 Rh6+ 50. Kf5 c4 51. Qa6+ Kc5 52. Qxh6 c3 53.
Qe3+ Kc4 54. Rc1 Kb3 55. Qxc3+ Ka2 56. Ra1# 1-0

[Event "Internet Section 17 A"]
[Site "Dos Hermanas"]
[Date "2003.03.17"]
[Round "?"]
[White "titico"]
[Black "sk99zt"]
[Result "1-0"]
[WhiteElo "2767"]
[BlackElo "2649"]
[PlyCount "153"]
[EventDate "2003.03.17"]
[EventType "swiss (blitz)"]
[EventRounds "9"]
[EventCountry "ESP"]
[Source "Fruth,M"]
[SourceDate "2003.05.15"]

1. e4 d5 2. exd5 Nf6 3. b3 Nxd5 4. Bb2 Bf5 5. Nf3 e6 6. g3 Nc6 7. Bg2 Qd7 8.
O-O O-O-O 9. d3 f6 10. Nh4 Bg6 11. Nxg6 hxg6 12. Nd2 g5 13. Qe2 Bc5 14. c3 e5
15. a4 a5 16. Ne4 Ba7 17. Rfd1 Qf5 18. Qf3 Qh7 19. h3 Qg6 20. b4 axb4 21. c4
Nde7 22. g4 Bd4 23. Rab1 Bxb2 24. Rxb2 Nd4 25. Qg3 Nec6 26. Nc5 f5 27. gxf5
Qxf5 28. a5 Nxa5 29. Ra1 b6 30. Kf1 b3 31. Bb7+ Kb8 32. Bd5 Qxh3+ 33. Qxh3 Rxh3
34. Kg2 Rh6 35. Be4 c6 36. Na6+ Ka7 37. Nb4 c5 38. Nd5 Rdh8 39. Nc7 Rh4 40. Kg3
Rh2 41. Nb5+ Nxb5 42. cxb5 R8h4 43. Rxb3 R2h3+ 44. Kg2 Rh2+ 45. Kg3 R2h3+ 46.
Kg2 Kb8 47. Rb2 Rh2+ 48. Kg3 Rh6 49. Re1 Kc7 50. Bf5 Kd6 51. Rbe2 Nb3 52. Rxe5
Nd4 53. Bg4 R2h4 54. Rxg5 g6 55. Rxg6+ Rxg6 56. Kxh4 Rf6 57. Kg3 Nxb5 58. Rb1
Nd4 59. Rxb6+ Ke5 60. Rxf6 Kxf6 61. Kf4 Nc6 62. Ke4 Ne5 63. Bh3 c4 64. d4 Nd3
65. Ke3 Nb4 66. Kd2 Kg5 67. Kc3 Nd3 68. f3 Kf4 69. Bg4 Nf2 70. Kxc4 Nd1 71. Kc5
Ne3 72. d5 Ke5 73. d6 Kf6 74. Kc6 Nc4 75. d7 Ne5+ 76. Kc7 Nxd7 77. Kxd7 1-0

[Event "Internet Section 18 B"]
[Site "Dos Hermanas"]
[Date "2003.03.18"]
[Round "?"]
[White "AQpis"]
[Black "MASLAKKOSTIA"]
[Result "1/2-1/2"]
[WhiteElo "2544"]
[BlackElo "2755"]
[PlyCount "55"]
[EventDate "2003.03.18"]
[EventType "swiss (blitz)"]
[EventRounds "9"]
[EventCountry "ESP"]
[Source "Fruth,M"]
[SourceDate "2003.05.15"]

1. e4 d5 2. exd5 Nf6 3. Nf3 Nxd5 4. d4 g6 5. Bc4 Bg7 6. O-O O-O 7. Re1 Bg4 8.
c3 c6 9. h3 Bxf3 10. Qxf3 e6 11. Nd2 Nd7 12. Ne4 h6 13. Bb3 b5 14. a4 a6 15.
axb5 axb5 16. Bd2 Qc7 17. h4 N7f6 18. Nxf6+ Nxf6 19. Bxh6 Bxh6 20. Qxf6 Bg7 21.
Qf3 Rxa1 22. Rxa1 c5 23. dxc5 Qxc5 24. g3 b4 25. Ra8 bxc3 26. Rxf8+ Kxf8 27.
bxc3 Qxc3 28. Qxc3 1/2-1/2

[Event "Catalunya-ch"]
[Site "Catalunya"]
[Date "2003.??.??"]
[Round "2"]
[White "Vigo Allepuz, David"]
[Black "Moskalenko, Viktor"]
[Result "0-1"]
[WhiteElo "2570"]
[BlackElo "2570"]
[PlyCount "70"]
[EventDate "2003.06.??"]
[EventType "swiss"]
[EventCountry "ESP"]
[Source "Fruth,M"]
[SourceDate "2003.05.15"]

1. e4 d5 2. exd5 Nf6 3. d4 Nxd5 4. Nf3 Bg4 5. Be2 e6 6. Ne5 Bxe2 7. Qxe2 Nd7 8.
Nxd7 Qxd7 9. O-O Be7 10. Nd2 O-O 11. Nf3 Rad8 12. Bd2 Bf6 13. c4 Ne7 14. Bc3 c5
15. Rfd1 Qc7 16. Qc2 cxd4 17. Bxd4 e5 18. Be3 g6 19. Qb3 Nc6 20. Bh6 Rfe8 21.
Rxd8 Rxd8 22. Qe3 Bg7 23. Bxg7 Kxg7 24. Re1 f6 25. Qc3 Qa5 26. Qxa5 Nxa5 27. b3
Nc6 28. Kf1 Nb4 29. Ra1 e4 30. Ne1 Rd2 31. a3 Nc6 32. Rc1 Nd4 33. b4 f5 34. a4
f4 35. c5 e3 0-1

[Event "5th DA Tan Malaysian Open"]
[Site "Kuala Lumpur MAS"]
[Date "2008.08.22"]
[Round "7"]
[White "Dzhumaev, M."]
[Black "Laylo, D."]
[Result "1-0"]
[WhiteElo "2549"]
[BlackElo "2504"]
[PlyCount "80"]
[EventDate "2008.08.18"]
[SourceDate "1999.07.01"]

1. e4 d5 2. exd5 Nf6 3. d4 Bg4 4. Qd3 Nxd5 5. a3 Nb6 6. Qe4 Qc8 7. c4 Bf5 8.
Qf4 e6 9. Nc3 Be7 10. Nf3 h6 11. Qg3 g5 12. Nb5 Na6 13. h4 g4 14. Ne5 h5 15.
Bf4 f6 16. Nd3 c6 17. Nc3 Nxc4 18. Nc5 Nxc5 19. dxc5 b5 20. cxb6 Nxb6 21. Rc1
e5 22. Be3 Qe6 23. Be2 Bd6 24. O-O Ke7 25. b4 Rhd8 26. Ba6 Nd5 27. Ne2 Qd7 28.
Bc5 Bxc5 29. Rxc5 Rab8 30. Rfc1 Rb6 31. b5 Nc7 32. bxc6 Qd2 33. Rxe5+ fxe5 34.
Qxe5+ Be6 35. Qxc7+ Kf6 36. Qxa7 Qa5 37. Qh7 Rxa6 38. Nf4 Qf5 39. Nxh5+ Ke5 40.
Qc7+ Rd6 1-0

[Event "ch-PHI Finals"]
[Site "Mandaluyong PHI"]
[Date "2008.07.05"]
[Round "6"]
[White "Nolte, R."]
[Black "Laylo, D."]
[Result "1/2-1/2"]
[WhiteElo "2522"]
[BlackElo "2504"]
[PlyCount "74"]
[EventDate "2008.07.01"]
[SourceDate "1999.07.01"]

1. e4 d5 2. exd5 Nf6 3. d4 Bg4 4. f3 Bf5 5. c4 e6 6. dxe6 Nc6 7. Be3 Bb4+ 8.
Nc3 Qe7 9. Bd3 Bxd3 10. Qxd3 O-O-O 11. O-O-O Ne5 12. Qe2 Bxc3 13. bxc3 Qa3+ 14.
Kb1 Qxc3 15. Rc1 Qb4+ 16. Ka1 Nc6 17. d5 Na5 18. exf7 b5 19. Bd4 bxc4 20. Rb1
Nb3+ 21. axb3 Rxd5 22. Bxf6 gxf6 23. Rb2 Qa3+ 24. Kb1 c3 25. Ra2 Qxb3+ 26. Kc1
Rd1+ 27. Qxd1 Qxa2 28. Qc2 Qa1+ 29. Qb1 Qa3+ 30. Kc2 Rd8 31. f8=Q Qxf8 32. Ne2
Rd2+ 33. Kxc3 Rd5 34. Kc2 Qc5+ 35. Nc3 Qf2+ 36. Kb3 Qb6+ 37. Kc2 Qf2+ 1/2-1/2

[Event "TCh-SLO"]
[Site "Murska Sobota SLO"]
[Date "2008.12.10"]
[Round "5"]
[White "Pavasovic, D."]
[Black "Muzychuk, A."]
[Result "1-0"]
[WhiteElo "2597"]
[BlackElo "2508"]
[PlyCount "89"]
[EventDate "2008.12.06"]
[SourceDate "1999.07.01"]

1. e4 d5 2. exd5 Nf6 3. d4 Nxd5 4. c4 Nb6 5. Nf3 Bg4 6. h3 Bh5 7. Nc3 e6 8. g4
Bg6 9. Ne5 N8d7 10. Nxg6 hxg6 11. c5 Nc8 12. Bg2 c6 13. Bf4 Be7 14. O-O e5 15.
Bg3 exd4 16. Qxd4 O-O 17. b4 Bf6 18. Qc4 a5 19. Rad1 axb4 20. Ne4 b5 21. Qxb4
Ra4 22. Qd2 Bd4 23. Nc3 Bxc3 24. Qxc3 Qe7 25. Bd6 Nxd6 26. cxd6 Qf6 27. Qxc6
Rd8 28. Rd2 Ne5 29. Qxb5 Rf4 30. Re1 Nc4 31. Re8+ Kh7 32. Rxd8 Nxd2 33. Qb8 g5
34. d7 Qa1+ 35. Kh2 Nf1+ 36. Bxf1 Qxf1 37. Rh8+ Kg6 38. Rh6+ Kxh6 39. Qh8+ Kg6
40. Qh5+ Kf6 41. d8=Q+ Ke6 42. Qb6+ Kd7 43. Qb7+ Kd6 44. Qxg5 Rxf2+ 45. Kg3 1-0